| 000 | 00632cam a22002293a 4500 | ||
|---|---|---|---|
| 001 | 1038 | ||
| 003 | PGUSA | ||
| 005 | 20140828082956.0 | ||
| 008 | 970901s1997||||xxu|||||s|||||000 | eng d | ||
| 040 |
_aPGUSA _beng |
||
| 042 | _adc | ||
| 050 | 4 | _aPN | |
| 100 | 1 |
_aRaleigh, Walter Alexander, _cSir, _d1861-1922 |
|
| 245 | 1 | 0 |
_aStyle _h[electronic resource] / _cWalter Alexander, Raleigh |
| 260 |
_bProject Gutenberg, _c1997 |
||
| 506 | _aPublic domain in the USA. | ||
| 516 | _aElectronic text | ||
| 653 | _aStyle, Literary | ||
| 830 | 0 |
_aProject Gutenberg _v1038 |
|
| 856 | 4 | 0 | _uhttp://www.gutenberg.org/ebooks/1038 |
| 942 | _cEB | ||
| 999 |
_c230389 _d230389 |
||